日本の路線バス事業者クイズ20(廃止済) - Statistics

General Stats
  • This quiz has been taken 6 times
  • The average score is 8 of 20
Answer Stats
Picture Answer % Correct
千葉中央バス
100%
千葉海浜交通
100%
大阪市交通局
100%
神戸交通振興
100%
松戸新京成バス
75%
尾道市交通局
67%
岩国市交通局
67%
千葉交通
67%
東野交通
67%
尼崎市交通局
50%
富士急山梨バス
50%
茨城オート
50%
日立電鉄交通サービス
50%
多摩バス
50%
ケイビーバス
50%
シティバス立川
50%
西武高原バス
50%
千葉内陸バス
50%
土佐電気鉄道
50%
成田空港交通
40%
船橋新京成バス
33%
御坊南海バス
33%
東急トランセ
33%
丸建自動車
33%
熊本市交通局
25%
明石市交通部
25%
呉市交通局
25%
姫路市企業局交通事業部
25%
三原市交通局
25%
国鉄バス
0%
岐阜市交通事業部
0%
臨港グリーンバス
0%
加悦フェローライン
0%
京阪宇治バス
0%
高知県交通
0%
小松島市運輸部
0%
佐世保市交通局
0%
土佐電ドリームサービス
0%
鳴門市企業局
0%
No matching quizzes found
Score Distribution
Percent of People with Each Score
Percentile by Number Answered
Your Score History
You have not taken this quiz